| 000 | 00984nam a2200241 a 4500 | ||
|---|---|---|---|
| 001 | 2031822 | ||
| 003 | AM-YEHGA | ||
| 005 | 20251110112139.0 | ||
| 008 | 250918s1947 is |||||||||||||||0 arm|d | ||
| 040 | _aAM-YEHGA | ||
| 041 | 0 | _aarm | |
| 245 | 0 | 0 |
_aԺամագիրք Հայաստանեայց Սուրբ Եկեղեցւոյ / _cԱրարեալ Ս. Սահակայ Հայրապետի եւ Մեսրոպայ Վարդապետի, Գիւտոյ եւ Յովհաննու Մանդակունւոյ. |
| 250 | _aԶ տպագրութիւն | ||
| 260 |
_aԵրուսաղէմ : _bտպ. Սրբոյ Յակոբեանց, _c1947. |
||
| 300 | _a672 էջ | ||
| 650 | 1 | 4 | _aԿրոնական տոներ և արարողություններ |
| 650 | 1 | 4 |
_aԺամագիրք _94501 |
| 700 | 0 |
_aՍահակ Պարթև, _d348-439 _94900 |
|
| 700 | 0 |
_aՄեսրոպ Մաշտոց, _d362-440 _94901 |
|
| 700 | 0 | _aԳիւտ Մանդակունի | |
| 700 | 0 |
_aՀովհան Մանդակունի, _d403-490 |
|
| 942 |
_2udc _cBK |
||
| 999 |
_c537071 _d537071 |
||